000 00203 a2200097 4500
020 _a9780241396957
041 _aeng
100 _aJeff Kinney
245 _aDiary of a wimpy kid the deep end
942 _cBK
999 _c28898
_d28898